1177 1806 1526 1849 1115 1124 1526 1202 1303 1288 1396 1162 1251 1019 1343 1548 1936 1330 1060 1171 1847 1043 1374 1990 1193 1541 1077 1378 1647 1376 1022 1511 1278 1421 1020 1514 1888 1239 1804 1941 1508 1588 1183 1913 1362 1821 1213 1344 1173 1831 1356 1060 1903 1506 1529 1704 1927 1621 1257 1942 1823 1004 1094 1529 1112 1461 1705 1713 1823 1314 1666 1387 1310 1704 1542 1186 1408 1402 1539 1771 1289 1120 1754 1601 1052 1928 1933 1311 1323 1809 1660 1231 1186 1571 1563 1376 1573 1846 1330 BCNSPRNW ULIB Ver.6.0+V

เปลี่ยนเป็นภาษาไทย

Change to English
 แสดงรายละเอียดบรรณานุกรม
  กลับหน้าหลัก

Brief Record : Get Marc (ISO 2709) : E-mail record : QR code < ปิดหน้าต่าง
LEADER : 00000nam 2200000uu 4500
001    13399126783
003     ULIB
008    190305s2561||||th 000 0 tha d
020    ^a9786164557673^c790
060  0 ^aWV230220^bว64
100 0  ^aวิราภรณ์ อัจฉริยะเสถียร
245 10 ^aโรคของหูชั้นกลาง /^cวิราภรณ์ อัจฉริยะเสถียร, ยุวติยา ปลอดภัย
246 31 ^aMiddle ear diseases
260    ^aกรุงเทพฯ :^bสหมิตรพัฒนาการพิมพ์^c2561
300    ^a354 หน้า :^bภาพประกอบ
590    ^aGift-T-61
650  7 ^aหู^xโรค
650  7 ^aaหูชั้นกลางอักเสบ
690    ^aสิ่งพิมพ์มหาวิทยาลัยสงขลานครินทร์
700 0  ^aยุวติยา ปลอดภัย
710 2  ^aมหาวิทยาลัยสงขลานครินทร์^bคณะแพทยศาสตร์^bภาควิชา โสต ศอ นาสิกวิทยา
945    ^p790^l0^i27238
945    ^p790^l0^i27237
945    ^p790^l0^i29604
945    ^p790^l0^i29605
945    ^p790^l0^i29606
945    ^p790^l0^i29607
945    ^p790^l0^i29608
999    ^aกัณชพร จุลอักษร
รายการนี้ยังไม่มีแท็ก
คุณยังไม่ได้ล็อกอิน คุณสามารถมีกิจกรรมร่วมกับเว็บไซต์ได้ แต่ต้องล็อกอินก่อน ::
  ล็อกอิน

รายการสื่อสารสนเทศ

ลำดับที่ ประเภท เลขเรียก/บาร์โค้ด สถานที่ สถานะ
1. หนังสือสำรอง
หนังสือสำรอง
WV230220 ว64 ฉ.1 
  Barcode: 27237
ห้องสมุดวิทยาเขตนครสวรรค์
►หนังสือทั่วไป:l:General Books
บนชั้น
2. วิทยาศาสตร์การแพทย์ และสุขภาพ
วิทยาศาสตร์การแพทย์ และสุขภาพ
WV230220 ว64 ฉ.2 
  Barcode: 27238
ห้องสมุดวิทยาเขตนครสวรรค์
►หนังสือทั่วไป:l:General Books
บนชั้น
3. วิทยาศาสตร์การแพทย์ และสุขภาพ
วิทยาศาสตร์การแพทย์ และสุขภาพ
WV230220 ว64 ฉ.3 
  Barcode: 29604
ห้องสมุดวิทยาเขตนครสวรรค์
►หนังสือทั่วไป:l:General Books
บนชั้น
4. วิทยาศาสตร์การแพทย์ และสุขภาพ
วิทยาศาสตร์การแพทย์ และสุขภาพ
WV230220 ว64 ฉ.4 
  Barcode: 29605
ห้องสมุดวิทยาเขตนครสวรรค์
►หนังสือทั่วไป:l:General Books
บนชั้น
5. วิทยาศาสตร์การแพทย์ และสุขภาพ
วิทยาศาสตร์การแพทย์ และสุขภาพ
WV230220 ว64 ฉ.5 
  Barcode: 29606
ห้องสมุดวิทยาเขตนครสวรรค์
►หนังสือทั่วไป:l:General Books
บนชั้น
6. วิทยาศาสตร์การแพทย์ และสุขภาพ
วิทยาศาสตร์การแพทย์ และสุขภาพ
WV230220 ว64 ฉ.6 
  Barcode: 29607
ห้องสมุดวิทยาเขตนครสวรรค์
►หนังสือทั่วไป:l:General Books
บนชั้น
7. วิทยาศาสตร์การแพทย์ และสุขภาพ
วิทยาศาสตร์การแพทย์ และสุขภาพ
WV230220 ว64 ฉ.7 
  Barcode: 29608
ห้องสมุดวิทยาเขตนครสวรรค์
►หนังสือทั่วไป:l:General Books
บนชั้น

รายการใกล้เคียง
    ผู้แต่ง [วิราภรณ์ อัจฉริยะเสถียร]

    หัวเรื่อง [aหูชั้นกลางอักเสบ]

BibComment


ยังไม่เคยถูกคอมเมนท์

คอมเมนท์ทรัพยากรรายการนี้
  คอมเมนท์: โรคของหูชั้นกลาง..


 Copyright 2026. Bcnsprnw @Library